[Event "ROM-chT Rapid"]
[Site "Sebes"]
[Date "2022.12.03"]
[Round "7.30"]
[White "Neacsu, Mircea"]
[Black "Cordea, David"]
[Result "0-1"]
[WhiteElo "1901"]
[BlackElo "2049"]
[PlyCount "60"]
[EventDate "2022.12.03"]
[EventType "team-swiss (rapid)"]
[EventRounds "8"]
[EventCountry "ROU"]
[SourceTitle "CBM 211 Extra"]
[Source "ChessBase"]
[SourceDate "2023.01.31"]
[SourceVersion "1"]
[SourceVersionDate "2023.01.31"]
[SourceQuality "1"]
[WhiteTeam "Targu Mures Juvenes II"]
[BlackTeam "Alba Iulia Unirea II"]
[WhiteTeamCountry "ROU"]
[BlackTeamCountry "ROU"]

1. d4 g6 2. Nf3 Bg7 3. g3 d6 4. Bg2 Nf6 5. 0-0 0-0 6. c4 c5 7. d5 b5 8. cxb5 a6 9. bxa6 Bxa6 10. Nc3 Nbd7 11. Re1 Qc7 12. Qc2 Rfb8 13. e4 Ng4 14. Bf4 Nge5 15. Rad1 Qa5 16. Bg5 Nc4 17. Bc1 Nxb2 18. Bxb2 Rxb2 19. Qxb2 Bxc3 20. Qc2 Bxe1 21. Rxe1 Ne5 22. Rd1 Nxf3+ 23. Bxf3 Qa3 24. Kg2 Rb8 25. Rd2 Rb4 26. e5 Bf1+ 27. Kxf1 Qxf3 28. exd6 Qh1+ 29. Ke2 Re4+ 30. Kd3 Qf3# 0-1

[Event "Targu Mures op 3rd"]
[Site "Targu Mures"]
[Date "2022.06.09"]
[Round "7"]
[White "Neacsu, Mircea"]
[Black "Mirza, Gabriel"]
[Result "1-0"]
[WhiteElo "1912"]
[BlackElo "1634"]
[PlyCount "82"]
[EventDate "2022.06.05"]
[EventType "swiss"]
[EventRounds "9"]
[EventCountry "ROU"]
[SourceTitle "EXT 2024"]
[Source "ChessBase"]
[SourceDate "2023.10.10"]
[SourceVersion "1"]
[SourceVersionDate "2023.10.10"]
[SourceQuality "1"]

1. d4 Nf6 2. Nf3 g6 3. g3 Bg7 4. Bg2 0-0 5. 0-0 c5 6. d5 b5 7. d6 Bb7 8. Nc3 a6 9. a3 Re8 10. Re1 Qb6 11. dxe7 Rxe7 12. Bg5 h6 13. Bxf6 Bxf6 14. Nd5 Bxd5 15. Qxd5 Nc6 16. c3 Rae8 17. e3 c4 18. Rad1 Kg7 19. Kf1 Nd8 20. Qd6 Nc6 21. Nd4 Be5 22. Qd5 Bxd4 23. exd4 Rxe1+ 24. Rxe1 Rxe1+ 25. Kxe1 Nb8 26. Qe5+ Kf8 27. Qh8+ Ke7 28. Qxh6 Qe6+ 29. Qe3 Kd6 30. Ke2 Kc7 31. Qxe6 dxe6 32. h4 Nd7 33. Ke3 Kd6 34. g4 Nb6 35. h5 gxh5 36. gxh5 Ke7 37. Bb7 a5 38. Bc6 Na4 39. Bxb5 Nxb2 40. Kd2 Kf6 41. Kc2 Nd3 1-0

[Event "Targu Mures op 3rd"]
[Site "Targu Mures"]
[Date "2022.06.06"]
[Round "3"]
[White "Neacsu, Mircea"]
[Black "Duma, Ioan Gheorghe"]
[Result "1-0"]
[WhiteElo "1912"]
[BlackElo "1771"]
[PlyCount "93"]
[EventDate "2022.06.05"]
[EventType "swiss"]
[EventRounds "9"]
[EventCountry "ROU"]
[SourceTitle "EXT 2024"]
[Source "ChessBase"]
[SourceDate "2023.10.10"]
[SourceVersion "1"]
[SourceVersionDate "2023.10.10"]
[SourceQuality "1"]

1. e4 e5 2. Nf3 Nc6 3. d4 exd4 4. Nxd4 Qe7 5. Nc3 Nxd4 6. Qxd4 c6 7. Be3 d6 8. Be2 h6 9. 0-0 Nf6 10. h3 Qe5 11. f4 Qxd4 12. Bxd4 Be7 13. Rad1 0-0 14. Bxf6 gxf6 15. f5 Re8 16. Rf4 Bf8 17. a4 Re5 18. Bc4 d5 19. exd5 cxd5 20. Rxd5 Bc5+ 21. Kf1 Be7 22. Rf2 Kf8 23. g4 b6 24. Re2 Rxe2 25. Kxe2 a6 26. Rd3 Bb7 27. Bd5 Rb8 28. Bxb7 Rxb7 29. Nd5 Bd8 30. c4 Rd7 31. Ke3 a5 32. Kd2 Ra7 33. Kc3 Kg7 34. Re3 h5 35. Re8 Rd7 36. b4 hxg4 37. hxg4 Kh6 38. bxa5 bxa5 39. Kd4 Kg5 40. Rg8+ Kh4 41. Kc5 Be7+ 42. Kc6 Ra7 43. c5 Kg3 44. Kb6 Rd7 45. Nxe7 Rxe7 46. c6 Re4 47. Kxa5 1-0

[Event "Targu Mures op 3rd"]
[Site "Targu Mures"]
[Date "2022.06.05"]
[Round "2"]
[White "Nacu, Mihai"]
[Black "Neacsu, Mircea"]
[Result "1/2-1/2"]
[WhiteElo "1641"]
[BlackElo "1912"]
[PlyCount "95"]
[EventDate "2022.06.05"]
[EventType "swiss"]
[EventRounds "9"]
[EventCountry "ROU"]
[SourceTitle "EXT 2024"]
[Source "ChessBase"]
[SourceDate "2023.10.10"]
[SourceVersion "1"]
[SourceVersionDate "2023.10.10"]
[SourceQuality "1"]

1. c4 Nf6 2. Nc3 g6 3. g3 Bg7 4. Bg2 Nc6 5. Nf3 e5 6. 0-0 0-0 7. d4 exd4 8. Nxd4 Nxd4 9. Qxd4 d6 10. Bg5 h6 11. Bxf6 Qxf6 12. Qxf6 Bxf6 13. Nd5 Bd8 14. Rad1 c6 15. Nc3 Be7 16. Rd2 Be6 17. b3 Rad8 18. Rfd1 Kg7 19. e3 Rd7 20. Ne2 f5 21. e4 fxe4 22. Bxe4 Rfd8 23. Nf4 Bf7 24. Bg2 g5 25. Nd3 Bf6 26. Nc5 Re7 27. Ne4 d5 28. Nxf6 Kxf6 29. cxd5 Bxd5 30. Bxd5 Red7 31. Kg2 Rxd5 32. Rxd5 Rxd5 33. Rxd5 cxd5 34. Kf3 Ke5 35. h3 h5 36. b4 Kd4 37. Ke2 Ke4 38. f3+ Kf5 39. Ke3 h4 40. gxh4 gxh4 41. b5 b6 42. Kd4 Kf4 43. Kxd5 Kxf3 44. Kd4 Kg3 45. Ke3 Kxh3 46. Kf3 Kh2 47. Kf2 h3 48. a3 1/2-1/2

[Event "Targu Mures op"]
[Site "Targu Mures"]
[Date "2019.10.18"]
[Round "2"]
[White "Neacsu, Mircea"]
[Black "Manolache, Marius"]
[Result "0-1"]
[WhiteElo "1941"]
[BlackElo "2548"]
[PlyCount "44"]
[EventDate "2019.10.17"]
[EventType "swiss"]
[EventRounds "7"]
[EventCountry "ROU"]
[SourceTitle "CBM 192 Extra"]
[Source "Chessbase"]
[SourceDate "2019.11.06"]
[SourceVersion "1"]
[SourceVersionDate "2019.11.06"]
[SourceQuality "1"]

1. d4 Nf6 2. Nf3 d6 3. g3 Nbd7 4. Bg2 e5 5. dxe5 dxe5 6. 0-0 Bc5 7. Nc3 0-0 8. a3 h6 9. b4 Bd6 10. Nb5 e4 11. Nfd4 Be5 12. Bf4 Re8 13. Bxe5 Nxe5 14. Nb3 Qe7 15. Nc5 Neg4 16. h3 b6 17. Nxe4 Nxe4 18. hxg4 Bxg4 19. f3 Nxg3 20. fxg4 Nxe2+ 21. Kh2 Qh4+ 22. Bh3 Qg3+ 0-1